000 00302nam a22001337a 4500
008 180226b xxu||||| |||| 00| 0 eng d
020 _a9780787973117
041 _aeng
080 _a37
100 _a48
101 _aEDU
245 _aASSESSMENT CLEAR AND SIMPLE
_cBARBARA E..W
942 _2udc
_cBK
999 _c43494
_d43494